000 00474nam a22001577a 4500
003 macl
005 20230225132240.0
008 230225b |||||||| |||| 00| 0 eng d
040 _cmacl
082 _a891.433/SIN/N
100 _aसिंह, कामना
_955259
245 _aपदम-अन्नि
260 _aदिल्‍ली
_bप्रतिमा प्रतिष्‍ठान
_c2019
650 _aउपन्‍यास
942 _2ddc
_cHIN
999 _c65932
_d65932